|
|
|
|
| LEADER |
01379nam a2200373 a 4500 |
| 001 |
7100 |
| 003 |
BD-DhAAL |
| 005 |
20190702130728.0 |
| 007 |
t| |
| 008 |
150918t2007 iauar | a0eng |
| 999 |
|
|
|c 35594
|d 35594
|
| 010 |
|
|
|a 2010207597
|
| 020 |
|
|
|a 007351442x
|
| 020 |
|
|
|a 9780073514420
|
| 037 |
|
|
|b McGraw-Hill Companies, Inc., 1221 Ave. of the Americas, New York, NY 10020
|
| 040 |
|
|
|a FTaT
|c FTaT
|d OCoLC
|d DLC
|d BD-DhAAL
|
| 050 |
0 |
0 |
|a GE170
|b .T34
|
| 082 |
1 |
0 |
|a 363.7
|2 14
|
| 222 |
|
0 |
|a Taking sides. Clashing views on environmental issues
|
| 245 |
0 |
0 |
|a Taking sides.
|p Clashing views on environmental issues.
|
| 246 |
1 |
0 |
|a Clashing views on environmental issues.
|
| 250 |
|
|
|a 12th ed.
|
| 260 |
|
|
|a Dubuque, Iowa :
|b McGraw-Hill Contemporary Learning Series,
|c c2007-
|
| 300 |
|
|
|a 362 p. :
|b ill. ;
|c 24 cm.
|
| 310 |
|
|
|a Annual
|
| 362 |
0 |
|
|a 12th ed.-
|
| 500 |
|
|
|a Selected, edited, and with introductions by: Thomas Easton.
|
| 541 |
|
|
|e 7100
|
| 650 |
|
0 |
|a Environmental policy
|v Periodicals.
|9 13987
|
| 650 |
|
0 |
|a Environmental protection
|v Periodicals.
|9 14793
|
| 650 |
|
0 |
|a Environmental ethics
|v Periodicals.
|9 14794
|
| 700 |
1 |
|
|a Easton, Thomas A.
|9 14795
|
| 942 |
|
|
|2 ddc
|c BK
|
| 952 |
|
|
|0 0
|1 0
|2 ddc
|4 0
|6 363_700000000000000_TAK
|7 0
|9 55975
|a SCL
|b SCL
|c GEN
|d 2015-09-18
|e Gift: The Asia Foundation
|l 0
|o 363.7 TAK
|p 3020007100
|r 2015-09-18
|t 1
|w 2015-09-18
|y BK
|